Philologica hispaniensia in honorem Manuel Alvar
Spremljeno u:
| Format: | Knjiga |
|---|---|
| Jezik: | španjolski |
| Izdano: |
Madrid
Gredos
1987
|
| Teme: | |
| Oznake: |
Dodaj oznaku
Bez oznaka, Budi prvi tko označuje ovaj zapis!
|
MARC
| LEADER | 00000nam a2200000 a 4500 | ||
|---|---|---|---|
| 001 | UCM1015 | ||
| 003 | CL-VaPUC | ||
| 008 | 020322e19870000SP |||||||||||||||||spa|d | ||
| 082 | 0 | 4 | |a 860.9 |b PHI |2 21 |
| 245 | 1 | 0 | |a Philologica hispaniensia in honorem Manuel Alvar |
| 300 | |a v | ||
| 942 | |c BK | ||
| 945 | |d 20020322 00:00:00 |a cmena | ||
| 260 | |a Madrid |b Gredos |c 1987 | ||
| 500 | |a v.4: Literatura | ||
| 650 | 7 | |a LITERATURA ESPAÑOLA - CRITICA E INTERPRETACION |2 CL-VaPUC |9 345009 | |
| 650 | 7 | |a LITERATURA ESPAÑOLA - HISTORIA |2 CL-VaPUC |9 468039 | |
| 583 | |a last modification |c 20020322 00:00:00 |k Rodrigo Vera | ||
| 999 | |c 299738 |d 299736 | ||
| 952 | |0 0 |1 0 |4 0 |6 860_900000000000000_PHI_1987 |7 0 |8 A |9 356639 |a BIBEDU |b BIBEDU |d 2019-11-21 |h v.4 |i 3800245 |o 860.9 PHI 1987 |p 3800245 |r 2019-11-21 |w 2019-11-21 |y BK |k LIT | ||